Quiz sur les alcools - difficile - Statistiques

Statistiques générales
  • Ce quiz a été pris 75 fois
    65 depuis la dernière actualisation
  • Le résultat moyen est 12 sur 78
Statistiques - réponses
INDICES % Correct
POLIAKOV
63%
LEFFE Russie
57%
KRONENBOURG Inde
55%
JACK DANIELS France
53%
DESPERADOS
49%
1664 Canada
45%
MOET ET CHAMDON
45%
GUINNESS France (Martinique)
43%
ABSOLUT
41%
CAPTAIN MORGAN
37%
GREY GOOSE
35%
BELVEDERE
33%
BUDWEISER Venezuela
33%
CHOUFFE Espagne
33%
SMIRNOFF
33%
ERISTOFF
31%
LIMONCELLO
31%
CORONA
29%
DOM PERIGNON
27%
RUINART
27%
GRIMBERGEN Ukraine
22%
AMARETTO DISARONNO
18%
LABEL 5 Ecosse
18%
CLAN CAMPBELL Italie
16%
GOUDALE Brésil
16%
BAILEYS
14%
CHARTREUSE
14%
OLD NICK
14%
TROIS RIVIERES
14%
CIROC
12%
NEGRITA
12%
VEUVE CLICQUOT
12%
BALLANTINES Irlande
10%
COINTREAU
10%
DON PAPA
10%
HAVANA CLUB
10%
LAURENT PERRIER
10%
PELFORTH Géorgie
10%
ZUBROWKA
10%
CHIVAS REGAL Etats-Unis
8%
JAMESON Allemagne
8%
JIM BEAN Belgique
8%
SAINT JAMES
8%
SKOL
8%
WILLIAM PEELS Mexique
8%
ASAHI
6%
DIPLOMATICO
6%
KAHLUA
6%
CARLSBERG
4%
COORS Philippines
4%
DAME OISEAU
4%
GRAND MARNIER
4%
HEINEKEN
4%
PAULANER Jamaïque
4%
PILSNER
4%
TAITTINGER
4%
TRIPEL KARMELIET Pologne
4%
BOLLINGER
2%
BRASSERIE DU MONT BLANC Cuba
2%
GLENFIDDICH République Tchèque
2%
LOUIS ROEDERER
2%
SOBIESKY
2%
TUBORG
2%
CROWN ROYAL Pays-Bas
0%
DRAMBUIE
0%
FISCHER Suède
0%
FRANGELICO
0%
GALLIA France (Guadeloupe)
0%
GOOSE ISLAND
0%
KRAKEN BLACK
0%
LA PARISIENNE République Dominicaine
0%
MC DOWELLS Danemark
0%
MILLER
0%
PERRIER JOUET
0%
POL ROGER
0%
ROYAL STAG Japon
0%
SAMBUCA
0%
VIKOROFF
0%
Aucun quiz correspondant
Distribution des résultats
% des personnes avec chaque résultat
Percentile par nombre de réponses
Votre historique - résultats
Vous n’avez pas pris ce quiz depuis la dernière actualisation